La percepción de lo político en Costa Rica /
Uloženo v:
| Hlavní autor: | |
|---|---|
| Další autoři: | , |
| Médium: | Neznámo |
| Vydáno: |
Heredia:
Editorial Fundación UNA
|
| Témata: | |
| Tagy: |
Přidat tag
Žádné tagy, Buďte první, kdo vytvoří štítek k tomuto záznamu!
|
MARC
| LEADER | 00000 a2200000 04500 | ||
|---|---|---|---|
| 001 | 10870 | ||
| 003 | |||
| 008 | 991231s d | ||
| 040 | |||
| 090 | |a 137516 | ||
| 100 | |a Jiménez M, Alexander | ||
| 245 | |a La percepción de lo político en Costa Rica / |c Alexander Jiménez M. | ||
| 260 | |a Heredia: |b Editorial Fundación UNA | ||
| 300 | |a 282 p. | ||
| 650 | |a CRISIS POLITICA | ||
| 650 | |a MARCO INSTITUCIONAL | ||
| 650 | |a SOCIEDAD CIVIL | ||
| 650 | |a DEMOCRACIA | ||
| 650 | |a POLITICA | ||
| 700 | |a | ||
| 700 | |a Oyamburu, Jesús | ||
| 700 | |a | ||
| 700 | |a González, Miguel Angel | ||
| 700 | |a | ||
| 999 | |c 6054 |d 6054 | ||
